000 01503cad a22002655a 4500
001 L146820
008 090303e20090227xxkd f s f000 0 eng d
035 _a(Sirsi) u146820
041 0 _aeng
050 0 4 _a333.338 $2 18
110 1 _aUnited Kingdom
_bDepartment for Communities and Local Government
_94939
245 0 0 _aNet supply of housing
_b2007-08 : England
_h[electronic resource]
260 _aLondon
_bDCLG
_c2009
490 0 _aDCLG Housing Statistical Release
_v2007-2008, 27 February 2009
505 2 _aNational trends in housing supply -- Breakdown of net housing supply -- Regional trends in housing supply -- Housing supply targets -- Data collection -- Strengths and weaknesses of the data -- Background notes -- Enquiries
520 _aPresents the net annual housing supply in England in 2007-2008. Reports that there is a 4% increase in net housing, which represents the highest annual level of net housing supply in the last thirty years. Presents English regional trends. Accompanying tables are available alongside this document on the website.
521 _aAdvanced
590 _aKA NTK
650 2 4 _aDCLG NET HOUSING SUPPLY
651 4 _aUnited Kingdom
_y
690 _aPROPERTY-RESIDENTIAL PROPERTY-DOMESTIC RESIDENTIAL PROPERTY-HOUSING
690 _aBUILT ENVIRONMENT-CONSTRUCTION MARKET
856 4 0 _uhttps://www.communities.gov.uk/publications/corporate/statistics/netsupplyhousing200708
_zView the item free of charge at www.communities.gov.uk...
942 _n0
999 _c109305
_d109305